000 00721cam a2200169 4500
001 WS116511
008 020128n 000 0 eng u
035 _a(Sirsi) u116511
245 _aGeomatics
520 _aWeb site which aims to 'tell you more about geomatics, how it can be used and how to get started on a career in geomatics or geospatial engineering'. Includes a definition of geomatics, details of what employers are looking for and a glossary of terms.
650 _aGLOSSARY
650 _aCAREERS, EDUCATION AND TRAINING
650 _aGEOSPATIAL ENGINEERING
690 _aGeomatics
_96242
856 4 0 _uhttps://www.geomatics.org.uk
_zView the website free of charge at www.geomatics.org.uk...
942 _n0
999 _c120004
_d120004